Fundamentals of multinational finance (Record no. 26707)
[ view plain ]
| 000 -LEADER | |
|---|---|
| fixed length control field | 00637nam a22002057a 4500 |
| 003 - CONTROL NUMBER IDENTIFIER | |
| control field | OSt |
| 005 - DATE AND TIME OF LATEST TRANSACTION | |
| control field | 20231004125952.0 |
| 008 - FIXED-LENGTH DATA ELEMENTS--GENERAL INFORMATION | |
| fixed length control field | 231004b |||||||| |||| 00| 0 eng d |
| 020 ## - INTERNATIONAL STANDARD BOOK NUMBER | |
| ISBN | 9789353944797 |
| 082 ## - DEWEY DECIMAL CLASSIFICATION NUMBER | |
| Classification number | 658.15 |
| Item number | M72F |
| 100 ## - MAIN ENTRY--AUTHOR NAME | |
| Personal name | Moffett, Michael H. |
| 245 ## - TITLE STATEMENT | |
| Title | Fundamentals of multinational finance |
| Statement of responsibility, etc | by Michael H. Moffeit, Arthur I. Stonehill and David K. Eiteman |
| 250 ## - EDITION STATEMENT | |
| Edition statement | 5th ed. |
| 260 ## - PUBLICATION, DISTRIBUTION, ETC. (IMPRINT) | |
| Place of publication | New Delhi |
| Name of publisher | Pearson India Education Services Pvt. Ltd |
| Year of publication | 2020 |
| 300 ## - PHYSICAL DESCRIPTION | |
| Number of Pages | 526 p. |
| 653 ## - INDEX TERM--UNCONTROLLED | |
| Uncontrolled term | Financial Management |
| 700 ## - ADDED ENTRY--PERSONAL NAME | |
| Relator term | Author |
| Personal name | Stonehill, Arthur I. |
| 710 ## - ADDED ENTRY--CORPORATE NAME | |
| Relator term | Author |
| Corporate name or jurisdiction name as entry element | Eiteman, David K. |
| 942 ## - ADDED ENTRY ELEMENTS (KOHA) | |
| Source of classification or shelving scheme | Dewey Decimal Classification |
| Koha item type | Books |
| Withdrawn status | Lost status | Damaged status | Not for loan | Collection code | Home library | Current library | Date acquired | Source of acquisition | Total Checkouts | Full call number | Accession Number | Koha item type |
|---|---|---|---|---|---|---|---|---|---|---|---|---|
| General Text Book | Central University Of Rajasthan | Central University Of Rajasthan | 04/10/2023 | MGM | 658.15 M72F | 42507 | Books |
